Notions élémentaires et pratiques de droit commercial a l'usage des négociants

محفوظ في:
التفاصيل البيبلوغرافية
المؤلف الرئيسي: Nicolin, M. (auteur)
التنسيق: كتاب
اللغة:الفرنسية
منشور في: París Auguste Durand et Pedone-Lauruel 1868
الموضوعات:
الوسوم: إضافة وسم
لا توجد وسوم, كن أول من يضع وسما على هذه التسجيلة!

MARC

LEADER 00000nam a2200000 a 4500
001 UCR3927
003 CL-VaPUC
005 20240612162206.0
008 980130e18680000FR |||||||||||||||||fre|d
999 |c 266944  |d 266942 
040 |c Pontificia Universidad Católica de Valparaíso 
082 0 4 |a 346.07  |b NIC  |2 21 
100 1 |a Nicolin, M.  |e auteur  |9 403393 
245 1 0 |a Notions élémentaires et pratiques de droit commercial a l'usage des négociants 
260 |a París  |b Auguste Durand et Pedone-Lauruel  |c 1868 
300 |a 548 p 
583 |a last modification  |c 19980130 00:00:00  |k Rodrigo Vera 
650 0 |a Derecho comercial   |9 256340 
650 0 |a Comercio  |9 255341 
650 0 |a Comerciantes  |9 267878 
650 7 |a LIBROS DE COMERCIO  |2 CL-VaPUC  |9 403394 
650 0 |a Sociedades comerciales   |9 257290 
650 0 |a Bienes  |9 255749 
650 7 |a BOLSA DE COMERCIO  |2 CL-VaPUC  |9 401332 
650 0 |a Agentes de cambio  |9 403395 
650 7 |a DOCUMENTOS COMERCIALES  |2 CL-VaPUC  |9 390228 
650 0 |a Bancos  |9 254963 
650 0 |a Dinero  |9 314331 
650 7 |a TRIBUNALES DE COMERCIO  |2 CL-VaPUC  |9 403396 
651 0 |a Francia  |9 255157 
942 |c BK  |2 ddc 
945 |d 19980130 00:00:00  |a aolguin 
952 |0 0  |1 0  |4 0  |6 346_070000000000000_NIC_1868  |7 0  |8 X  |9 298997  |a BIBDER  |b BIBDER  |d 2019-11-20  |i 1952501  |o 346.07 NIC 1868  |p 1952501  |r 2023-01-25  |w 2019-11-20  |y BK_X  |k DER